000
00307nam a2200133Ia 4500
008
240624s9999 xx 000 0 und d
041
_a
eng
082
_a
823 STE
100
_a
STEEL DANIELLE
245
_a
WANDERLUST
260
_c
1986
_a
Great Britain
_b
Time Warner
300
_a
436p. ; 18cm.
365
_c
BPS
999
_c
3994
_d
3994